000 00704nam a2200289Ia 4500
005 20260401125850.0
008 008 300114s9999 xx 000 0 eng d
020 _a9789390577514
037 _aEBOOK
040 _aCRL
040 _beng
040 _cCRL
041 _2eng
041 _aeng
084 _qCRL
100 _aBerman, Barry R.; Evans, Joel R.; Chatterjee, Patrali M.
_91233910
245 0 _aRetail Management, 13e
250 _a13
260 _bPearson
260 _c2017
365 _b83930
650 _aFMS
856 _uhttps://admin.elibrary.in.pearson.com/api/1.0/org/24122025/launchlibrary
942 _cEBOOK
999 _c1847742
_d1847742